Pokémon - Attacken von Rexblisar in KA/PU - Statistiken

Allgemein
  • Dieses Quiz wurde 2 mal gespielt
  • Das Durchschnittsergebnis liegt bei 31 aus 67
Antwortstatistiken
Antwort % Korrekt
Blizzard
100%
Egelsamen
100%
Eiseskälte
100%
Eishieb
100%
Eissplitter
100%
Eisstrahl
100%
Energieball
100%
Erdbeben
100%
Erdkräfte
100%
Felsgrab
100%
Fluch
100%
Rasierblatt
100%
Regentanz
100%
Samenbomben
100%
Steinhagel
100%
Weißnebel
100%
Zauberblatt
100%
Aquawelle
50%
Auroraschleier
50%
Ausdauer
50%
Blättersturm
50%
Blattwerk
50%
Bodycheck
50%
Dampfwalze
50%
Delegator
50%
Eiskreisel
50%
Eisspeer
50%
Eissturm
50%
Erholung
50%
Fokusstoß
50%
Fußkick
50%
Grimasse
50%
Holzhammer
50%
Hyperstrahl
50%
Kalte Dusche
50%
Lehmschelle
50%
Power-Punch
50%
Schneelandschaft
50%
Schutzschild
50%
Silberblick
50%
Solarstrahl
50%
Tera-Ausbruch
50%
Verwurzler
50%
Wegbereiter
50%
Angeberei
0%
Body Press
0%
Bodyslam
0%
Durchbruch
0%
Fassade
0%
Fruststampfer
0%
Gigasauger
0%
Gigastoß
0%
Grasrutsche
0%
Kugelsaat
0%
Lawine
0%
Meteorologe
0%
Pulverschnee
0%
Rechte Hand
0%
Risikotackle
0%
Schlafrede
0%
Schleuder
0%
Schwerttanz
0%
Stahlpresse
0%
Stampfer
0%
Strauchler
0%
Wachstum
0%
Wutanfall
0%
Keine übereinstimmenden Quizze gefunden
Verteilung der Resultate
Anzahl Personen mit jedem Resultat
Perzentil nach korrekt beantworteten Fragen
Ihre Resultats-Entwicklung
Sie haben dieses Quiz noch nicht gespielt